00423nam a22001577a 450000500170000001000150001702000260003203500130005803700130007108200100008410000210009424500400011526000380015527000520019330000200024520181205142544.0 aENG-115505 a9789381384435c150.00 aEN-99037 bDBAD/PUB a158.1 aSharma,Hari Dutt aPeace of Mind :bin unique verses / aNew DelhibV & S Publishersc2015 aF-2/16,Ansari Road,DaryaganjbNew Delhie110002 a174pc21cm(pbk)